LEADER 01061nam0-22003011--450- 001 990008861950403321 005 20091021120717.0 035 $a000886195 035 $aFED01000886195 035 $a(Aleph)000886195FED01 035 $a000886195 100 $a20090603d1908----km-y0itay50------ba 101 0 $aita 102 $aIT 105 $ay-------001yy 200 1 $a<>cabale del mondo legale$ediscorso letto nell'adunanza solenne del R. Istituto Veneto di scienze, lettere ed arti il 24 maggio 1908 in Palazzo Ducale (Sala dei Pregadi)$fVittorio Polacco 210 $aVenezia$cC. Ferrari$d1908 215 $aP. 156-186$d25 cm 300 $aEstr. da: Atti del R. Istituto Veneto di scienze, lettere ed arti, anno accademico 1907-908, tomo 47, parte 1 676 $a340$v11 rid.$zita 700 1$aPolacco,$bVittorio$f<1859-1926>$0227941 801 0$aIT$bUNINA$gRICA$2UNIMARC 901 $aBK 912 $a990008861950403321 952 $aBUSTA 40 (4) 13$b34533$fFGBC 959 $aFGBC 996 $aCabale del mondo legale$9803694 997 $aUNINA LEADER 01113nam 2200397 450 001 9910158635903321 005 20230810001631.0 010 $a1-4994-3112-0 035 $a(CKB)3710000001010126 035 $a(MiAaPQ)EBC5384092 035 $a(EXLCZ)993710000001010126 100 $a20180713d2017 uy 0 101 0 $aeng 135 $aurcnu|||||||| 181 $ctxt$2rdacontent 182 $cc$2rdamedia 183 $acr$2rdacarrier 200 10$aTunnels /$fRobyn Hardyman 210 1$aNew York :$cPowerKids Press,$d2017. 215 $a1 online resource (34 pages) $cillustrations 225 1 $aEngineering Eurekas 311 $a1-4994-3111-2 410 0$aEngineering eurekas. 606 $aTunnels$vJuvenile literature 606 $aTunnels$xDesign and construction$vJuvenile literature 615 0$aTunnels 615 0$aTunnels$xDesign and construction 676 $a624.193 700 $aHardyman$b Robyn$01378746 801 0$bMiAaPQ 801 1$bMiAaPQ 801 2$bMiAaPQ 906 $aBOOK 912 $a9910158635903321 996 $aTunnels$93418264 997 $aUNINA